WWE 12 PPV Matches in Road To WrestleMania - Statistics

General Stats
  • This quiz has been taken 120 times
  • The average score is 55 of 88
Answer Stats
Hint Answer % Correct
Villain Story: TLC John Cena
93%
Villain Story: Royal Rumble John Cena
93%
Villain Story: Elimination Chamber John Cena
93%
Hero Story: Starrcade John Cena
93%
Villain Story: Bragging Rights Triple H
85%
Outsider Story: WrestleMania Triple H
85%
Outsider Story: Extreme Rules Triple H
85%
Outsider Story: Over The Limit Triple H
85%
Outsider Story: Fatal 4 Way Triple H
85%
Outsider Story: Money In The Bank Triple H
85%
Outsider Story: Summerslam Triple H
85%
Hero Story: WrestleMania Triple H
85%
Hero Story: Starrcade Triple H
85%
Villain Story: Bragging Rights Edge
80%
Villain Story: Survivor Series Edge
80%
Outsider Story: Fatal 4 Way Edge
80%
Outsider Story: Summerslam Edge
80%
Hero Story: Elimination Chamber Edge
80%
Villain Story: Bragging Rights Randy Orton
80%
Outsider Story: Extreme Rules Randy Orton
80%
Outsider Story: Over The Limit Randy Orton
80%
Outsider Story: Fatal 4 Way Randy Orton
80%
Outsider Story: Summerslam Randy Orton
80%
Villain Story: Bragging Rights The Big Show
77%
Villain Story: Survivor Series The Big Show
77%
Hero Story: Royal Rumble (Rumble Winner) The Big Show
77%
Hero Story: Starrcade The Big Show
77%
Villain Story: Bragging Rights Rey Mysterio
76%
Hero Story: Survivor Series Rey Mysterio
76%
Hero Story: Elimination Chamber Rey Mysterio
76%
Hero Story: WrestleMania Rey Mysterio
76%
Hero Story: Starrcade Rey Mysterio
76%
Villain Story: Bragging Rights Sheamus
76%
Villain Story: Survivor Series Sheamus
76%
Villain Story: TLC Sheamus
76%
Villain Story: Royal Rumble Sheamus
76%
Villain Story: Elimination Chamber Sheamus
76%
Villain Story: WrestleMania Sheamus
76%
Outsider Story: WrestleMania Sheamus
76%
Hero Story: Elimination Chamber Sheamus
76%
Hero Story: Starrcade Sheamus
76%
Hero Story: Starrcade The Undertaker
74%
Villain Story: Bragging Rights The Miz
68%
Villain Story: Elimination Chamber The Miz
68%
Outsider Story: Extreme Rules The Miz
68%
Outsider Story: Summerslam The Miz
68%
Outsider Story: Fatal 4 Way Kane
67%
Outsider Story: Money In The Bank Kane
67%
Villain Story: Bragging Rights Wade Barrett
62%
Villain Story: Survivor Series Wade Barrett
62%
Villain Story: WrestleMania Wade Barrett
62%
Hero Story: Survivor Series Wade Barrett
62%
Villain Story: Bragging Rights Cody Rhodes
56%
Outsider Story: Money In The Bank Cody Rhodes
56%
Villain Story: Bragging Rights Alberto Del Rio
55%
Villain Story: Survivor Series Alberto Del Rio
55%
Villain Story: Bragging Rights Drew McIntyre
50%
Villain Story: Survivor Series Drew McIntyre
50%
Villain Story: Elimination Chamber Drew McIntyre
50%
Villain Story: WrestleMania Drew McIntyre
50%
Villain Story: Elimination Chamber Daniel Bryan
49%
Hero Story: Survivor Series Daniel Bryan
49%
Outsider Story: Money In The Bank Dolph Ziggler
49%
Villain Story: Elimination Chamber R-Truth
46%
Outsider Story: Money In The Bank R-Truth
46%
Villain Story: Bragging Rights Jack Swagger
41%
Villain Story: Survivor Series Jack Swagger
41%
Outsider Story: Money In The Bank Jack Swagger
41%
Hero Story: Elimination Chamber Kevin Nash
41%
Hero Story: WrestleMania Kevin Nash
41%
Hero Story: Starrcade Kevin Nash
41%
Villain Story: Bragging Rights Mark Henry
41%
Villain Story: Bragging Rights William Regal
41%
Villain Story: Survivor Series William Regal
41%
Villain Story: WrestleMania William Regal
41%
Hero Story: Clash Of The Champions Booker T
34%
Hero Story: Elimination Chamber Booker T
34%
Hero Story: Starrcade Booker T
34%
Hero Story: Starrcade Vince McMahon
30%
Hero Story: Survivor Series Justin Gabriel
27%
Hero Story: Survivor Series Jacob Cass
23%
Hero Story: Clash Of The Champions Jacob Cass
23%
Hero Story: Elimination Chamber Jacob Cass
23%
Hero Story: WrestleMania Jacob Cass
23%
Hero Story: Starrcade Jacob Cass
23%
Hero Story: Starrcade Vader
22%
Hero Story: Survivor Series Husky Harris
21%
Hero Story: Starrcade Road Warrior Animal
16%
No matching quizzes found
Score Distribution
Percent of People with Each Score
Percentile by Number Answered
Your Score History
You have not taken this quiz